00470nam a2200157Ia 450000500170000000800410001708200130005810000110007124500250008226000390010730000130014665000330015994200060019295200990019899900150029720250325012834.0240331s9999 xx 000 0 und d bVARa894 aRaa, V 0aMahakavi bharathiyar aChennaibSandhya Pathippagamc2001 a136 p ., aBharathiyer Patriye katoorai cL 001040708LaWERCLbWERCLcSSCd2024-03-31l0o 894.811 VARp4622r2024-03-31w2024-03-31yL c4175d4175